000 01033nam a22002537a 4500
005 20090825120337.0
008 090728t xxu||||| |||| 00| 0 pun d
010 _aPUN-6522
020 _c200.00
_a9788171429509
035 _aPN-5640
037 _bDBAD / PUB
040 _adpl
_bpn
082 _a
100 _924414
_aਸੁਰਿੰਦਰਜੀਤ ਕੋਰ
245 _aਸੱਚ ਸੂਰਜ /
_cਸੁਰਿੰਦਰਜੀਤ ਕੋਰ
246 _aSach Sooraj
_bby Surinderjit Kaur
260 _aਚੰਡੀਗਡ਼
_bਲੋਕਗੀਤ ਪ੍ਰਕਾਸ਼ਨ
_c2010
270 _as.c.o-26-27, Sector-34-A,
_bਚੰਡੀਗਡ਼
_e160022
_k01624-682954, 09781534406
300 4 _a224 ਸਫੇ
_c22 ਸੇਮੀ (ਸਜਿਲੱਦ)
650 _924412
_aਓਪਨਿਯਾਸ
650 _aNovel
_924431
942 _2ddc
_cPN
_h
_mਸੁਰਿੰਦ
999 _c48913
_d48913